000 00800nam a2200289Ia 4500
001 Z_1232
003 CHAP
008 220113s1980 xx 000 0 und d
010 _a164320
040 _cCHAP
082 _a636.08 W3y
100 _aWarwick, Everett James
_9121126
245 _aCría y mejoramiento del ganado /
_cpor Everett James Warwick y James Edward Legates
260 _aMéxico, D. F. :
_bInteramericana,
_c1980
300 _a623 p. :
_bilus.
440 _a
500 _aTrad. de: Breeding and improving of farm animals, 7 ed. de 1979
503 _aC/E
650 _aGanadería
_944604
650 _aGenética animal I. Legates, James Edward II. t.
_9138453
901 _a636.08 W3y
902 _aA
910 _a1980
942 _c1
942 _cc1
999 _c164320
_d164320